Nghiên cứu tính chất quang và tổng hợp các hạt nano tinh thể ZnS: TM, RE

Đề tài mô tả việc tổng hợp được các mẫu vật liệu ZnS pha tạp Mn, Ni và Eu có cấu trúc nano bằng phương pháp tổng hợp hóa học đồng kết tủa ở nhiệt độ phòng và thuỷ nhiệt ở nhiệt độ 150 độC trong 16 giờ. Từ thí nghiệm đó đưa ra kê...

Descripció completa

Guardat en:
Dades bibliogràfiques
Autor principal: Nguyễn, Trí Tuấn
Format: Llibre
Idioma:Undetermined
Publicat: Cần Thơ Trường Đại học Cần Thơ 2009
Matèries:
Etiquetes: Afegir etiqueta
Sense etiquetes, Sigues el primer a etiquetar aquest registre!
Thư viện lưu trữ: Trung tâm Học liệu Trường Đại học Cần Thơ
LEADER 01105nam a2200217Ia 4500
001 CTU_165196
008 210402s9999 xx 000 0 und d
082 |a 620.5 
082 |b T502 
088 |a T2007-16 
100 |a Nguyễn, Trí Tuấn 
245 0 |a Nghiên cứu tính chất quang và tổng hợp các hạt nano tinh thể ZnS: TM, RE 
245 0 |c Chủ nhiệm Nguyễn Trí Tuấn 
260 |a Cần Thơ 
260 |b Trường Đại học Cần Thơ 
260 |c 2009 
520 |a Đề tài mô tả việc tổng hợp được các mẫu vật liệu ZnS pha tạp Mn, Ni và Eu có cấu trúc nano bằng phương pháp tổng hợp hóa học đồng kết tủa ở nhiệt độ phòng và thuỷ nhiệt ở nhiệt độ 150 độC trong 16 giờ. Từ thí nghiệm đó đưa ra kết quả phân tích. 
650 |a Nanotechnology,Công nghệ nano 
904 |i Trọng Hiếu 
915 |a TN 
980 |a Trung tâm Học liệu Trường Đại học Cần Thơ